[Event "OLNW 1920 Hamelner SV - HSK Lister Turm"]
[Site "?"]
[Date "2019.11.24"]
[Round "3.3"]
[White "Buchenau, Frank"]
[Black "Renner, Kai"]
[Result "0-1"]
[WhiteElo "2278"]
[BlackElo "2135"]
[PlyCount "102"]
[EventDate "2019.??.??"]
[EventType "team-tourn"]

1. e4 c5 2. b3 Nc6 3. Bb2 d6 4. Bb5 Bd7 5. Ne2 a6 6. Bxc6 Bxc6 7. d3 e6 8. O-O
Nf6 9. Nd2 Be7 10. Ng3 O-O 11. f4 b5 12. Qe2 g6 13. Rae1 Ne8 14. Nf3 Bf6 15.
Bxf6 Qxf6 16. f5 exf5 17. exf5 Ng7 18. Qd2 Nxf5 19. Nxf5 Qxf5 20. Qh6 Bxf3 21.
Rxf3 Qd7 22. Rh3 f6 23. Qf4 Kg7 24. Qh6+ Kg8 25. Qf4 Rae8 26. Rxe8 Qxe8 27. Re3
Qd7 28. Qe4 Kg7 29. h4 Rf7 30. c4 f5 31. Qa8 Re7 32. Rxe7+ Qxe7 33. Qxa6 Qe1+
34. Kh2 Qxh4+ 35. Kg1 Qd4+ 36. Kh1 Qh4+ 37. Kg1 Qd4+ 38. Kh1 b4 39. Qb7+ Kh6
40. Qf3 Kg5 41. Qb7 Qxd3 42. Qe7+ Kf4 43. Qh4+ Ke3 44. Qe1+ Kd4 45. Qa1+ Ke4
46. Qe1+ Qe3 47. Qh4+ Qf4 48. Qxh7 g5 49. Qb7+ Ke3 50. Qg7 Kf2 51. Qb2+ Kg3 0-1

[Event "OLNW 1920 Hamelner SV - HSK Lister Turm"]
[Site "?"]
[Date "2019.11.24"]
[Round "3.4"]
[White "van Son, Lutz"]
[Black "Hampel, Felix"]
[Result "0-1"]
[WhiteElo "2155"]
[BlackElo "2283"]
[PlyCount "78"]
[EventDate "2019.??.??"]
[EventType "team-tourn"]

1. e4 c5 2. Nf3 e6 3. d3 Nc6 4. g3 Nf6 5. Bg2 Be7 6. O-O O-O 7. Re1 d6 8. c3
Bd7 9. d4 cxd4 10. cxd4 d5 11. e5 Ne4 12. Nbd2 Nxd2 13. Bxd2 Qb6 14. Bc3 a5 15.
Bf1 Rfc8 16. Bd3 a4 17. Rc1 Na5 18. h4 Qd8 19. Bc2 b5 20. Qd3 g6 21. a3 Rab8
22. h5 b4 23. axb4 Bxb4 24. hxg6 fxg6 25. Qe3 a3 26. Bxb4 axb2 27. Bc5 bxc1=Q
28. Rxc1 Nb7 29. Bxg6 Nxc5 30. Bxh7+ Kxh7 31. Kg2 Kg8 32. Rh1 Qf8 33. dxc5 Rb4
34. Ng5 d4 35. Qd2 Bc6+ 36. f3 Rcb8 37. Kh3 Qh6+ 38. Kg4 Qxh1 39. Qd3 Qh6 0-1

[Event "OLNW 1920 Hamelner SV - HSK Lister Turm"]
[Site "?"]
[Date "2019.11.24"]
[Round "3.5"]
[White "Virag, Attila Aba"]
[Black "Schmidt, Dennis"]
[Result "1-0"]
[WhiteElo "2275"]
[BlackElo "2042"]
[PlyCount "99"]
[EventDate "2019.??.??"]
[EventType "team-tourn"]

1. e4 c5 2. Nf3 d6 3. d4 cxd4 4. Qxd4 Nc6 5. Bb5 Bd7 6. Bxc6 bxc6 7. h3 e5 8.
Qd3 Be7 9. c4 h6 10. Nc3 Qc7 11. O-O Nf6 12. Rd1 O-O 13. Be3 Be6 14. Rac1 Qb8
15. b3 Nd7 16. Nd5 Bd8 17. Nc3 Be7 18. Nd2 Qb4 19. Nd5 Bxd5 20. cxd5 c5 21. Nc4
Rac8 22. Bd2 Qb8 23. Na5 Bf6 24. Nc6 Qb7 25. b4 Rfe8 26. Rb1 Qc7 27. bxc5 Nxc5
28. Qc4 Qd7 29. Be3 Be7 30. Bxc5 dxc5 31. Nxe5 Qd6 32. Nc6 Bf6 33. Nxa7 Ra8 34.
Nc6 Qf4 35. Re1 Bh4 36. Qc2 Ra3 37. Rb3 Rxb3 38. axb3 Bf6 39. g3 Qf3 40. Re3
Qh5 41. Kg2 Bd4 42. Nxd4 cxd4 43. Re1 f5 44. e5 Qf7 45. Qc4 f4 46. d6 f3+ 47.
Kh2 d3 48. Qxd3 Qa7 49. Qe3 Qa2 50. d7 1-0

[Event "OLNW 1920 Hamelner SV - HSK Lister Turm"]
[Site "?"]
[Date "2019.11.24"]
[Round "3.6"]
[White "Koch, Yannick"]
[Black "Voege, Tobias"]
[Result "0-1"]
[WhiteElo "2116"]
[BlackElo "2305"]
[PlyCount "72"]
[EventDate "2019.??.??"]
[EventType "team-tourn"]

1. d4 e6 2. c4 Bb4+ 3. Bd2 a5 4. e4 d5 5. a3 Bxd2+ 6. Nxd2 dxe4 7. Nxe4 Nf6 8.
Nc3 b6 9. Nf3 Nc6 10. Be2 O-O 11. O-O Bb7 12. Re1 Rc8 13. Qd2 Re8 14. Qf4 Re7
15. Rad1 Qe8 16. Bf1 Rd8 17. Nb5 Nh5 18. Qh4 Nf6 19. Ne5 Nb8 20. Bd3 h6 21. Re3
c6 22. Rg3 Kh8 23. Nc3 c5 24. dxc5 bxc5 25. Nb5 Nc6 26. Ng4 Nxg4 27. Qxg4 f5
28. Qe2 Red7 29. Re1 Qf7 30. f4 Nd4 31. Nxd4 Rxd4 32. Rf1 Qd7 33. Bb1 Rd2 34.
Qe5 Qd4+ 35. Qxd4 R8xd4 36. b3 Rb2 {Zü} 0-1

[Event "OLNW 1920 Hamelner SV - HSK Lister Turm"]
[Site "?"]
[Date "2019.11.24"]
[Round "3.7"]
[White "Hoerstmann, Martin"]
[Black "David, Adrian"]
[Result "0-1"]
[WhiteElo "2218"]
[BlackElo "2226"]
[PlyCount "138"]
[EventDate "2019.??.??"]
[EventType "team-tourn"]

1. g3 d5 2. Bg2 c6 3. Nf3 Bf5 4. O-O e6 5. c4 Nf6 6. cxd5 exd5 7. d3 Bd6 8. Nc3
O-O 9. Be3 h6 10. Qb3 Qe7 11. Bd4 Ne8 12. e4 dxe4 13. dxe4 Be6 14. Qc2 Na6 15.
Rad1 Bc5 16. Bxc5 Qxc5 17. Rd4 Nac7 18. Qd2 Nf6 19. h3 Rae8 20. Rd1 Bc8 21. b4
Qe7 22. Qe3 a6 23. a3 Nb5 24. Nxb5 axb5 25. Nd2 Rd8 26. Nb3 Rfe8 27. Nc5 Qc7
28. f4 b6 29. Rxd8 Rxd8 30. Rxd8+ Qxd8 31. Nd3 Qc7 32. Qd4 Be6 33. Kf2 Bc4 34.
Ne5 c5 35. Qd2 Be6 36. Ke3 Ne8 37. h4 Nd6 38. Bf1 f6 39. Nf3 Bc4 40. Bd3 Qe7
41. Qc3 cxb4 42. Qxb4 Nf5+ 43. Kd2 Qd7 44. Qc3 Nxg3 45. Nd4 Bxd3 46. Kxd3 Qg4
47. Qb3+ Kh7 48. Qxb5 Qxf4 49. Qc6 Qg4 50. a4 Nf1 51. Kc4 Qd1 52. Nf5 Nd2+ 53.
Kb5 Qb1+ 54. Ka6 Nxe4 55. Ka7 Nc5 56. Ne7 Qb4 57. Qc8 Qxa4+ 58. Kb8 Na6+ 59.
Ka7 Nc7+ 60. Kb8 Qe8 61. Kxc7 Qxe7+ 62. Kxb6 Qe6+ 63. Kb5 Qd5+ 64. Ka6 f5 65.
h5 Qf7 66. Qc2 Qxh5 67. Kb5 Qe8+ 68. Ka5 Qe4 69. Qb2 f4 0-1

[Event "OLNW 1920 Hamelner SV - HSK Lister Turm"]
[Site "?"]
[Date "2019.11.24"]
[Round "3.8"]
[White "Jacobi, Felix-Hagen"]
[Black "Polster, Christian"]
[Result "0-1"]
[WhiteElo "2082"]
[BlackElo "2274"]
[PlyCount "64"]
[EventDate "2019.??.??"]
[EventType "team-tourn"]

1. e4 c5 2. f4 d5 3. exd5 Nf6 4. Bb5+ Bd7 5. Bxd7+ Qxd7 6. c4 e6 7. Qe2 Bd6 8.
Nc3 O-O 9. dxe6 fxe6 10. d3 Nc6 11. Nf3 e5 12. Ne4 exf4 13. Bd2 Nd4 14. Nxd4
Nxe4 15. dxe4 cxd4 16. c5 Be5 17. Qc4+ Kh8 18. O-O Qc7 19. Rf3 g5 20. Raf1 g4
21. R3f2 Rf6 22. b4 Raf8 23. Bc1 f3 24. gxf3 Rxf3 25. Bb2 Bxh2+ 26. Kh1 Be5 27.
Bxd4 Qg7 28. Bxe5 Qxe5 29. Rxf3 gxf3 30. Rf2 Rf4 31. Kg1 Rg4+ 32. Kh1 Rh4+ 0-1

[Event "OLNW 1920 SV Hellern - SF"]
[Site "Hannover"]
[Date "2019.11.24"]
[Round "3.1"]
[White "Ackermann, Dennie"]
[Black "Lingnau, Carsten"]
[Result "0-1"]
[WhiteElo "2136"]
[BlackElo "2413"]
[PlyCount "84"]
[EventDate "2019.??.??"]
[EventType "team-tourn"]
[EventCountry "GER"]

1. Nf3 d5 2. d4 Nf6 3. c4 e6 4. Nc3 Be7 5. Bf4 O-O 6. cxd5 Nxd5 7. Nxd5 Qxd5 8.
e3 Bb4+ 9. Nd2 c5 10. a3 Bxd2+ 11. Qxd2 cxd4 12. Qxd4 Qxd4 13. exd4 Nc6 14. Be3
Rd8 15. Rd1 b6 16. Bb5 Ne7 17. O-O Bb7 18. Rc1 Nf5 19. Rfd1 Be4 20. Bd3 Bxd3
21. Rxd3 h5 22. g3 Rd5 23. Rcd1 Rad8 24. Kg2 f6 25. Kf3 Kf7 26. Ke2 g5 27. f3
g4 28. fxg4 hxg4 29. b3 Kg6 30. Bg1 Nd6 31. Bf2 Ne4 32. Bg1 Rc8 33. Ke3 f5 34.
a4 Rc2 35. Rf1 b5 36. axb5 Rxb5 37. Ra1 a5 38. Rad1 Nc3 39. R1d2 Rc1 40. Rg2
Nd5+ 41. Kd2 Ra1 42. Bf2 a4 0-1

[Event "OLNW 1920 SV Hellern - SF"]
[Site "Hannover"]
[Date "2019.11.24"]
[Round "3.2"]
[White "Gronde, Ingo"]
[Black "Pubantz, Jan"]
[Result "0-1"]
[WhiteElo "2240"]
[BlackElo "2239"]
[PlyCount "120"]
[EventDate "2019.??.??"]
[EventType "team-tourn"]
[EventCountry "GER"]

1. e4 c6 2. Nf3 d5 3. Nc3 dxe4 4. Nxe4 Nf6 5. Qe2 Nxe4 6. Qxe4 Qa5 7. Bc4 Bf5
8. Qf4 e6 9. c3 Nd7 10. O-O Be7 11. d4 Nf6 12. Ne5 Nd5 13. Qg3 O-O 14. Bh6 Bg6
15. Nxg6 hxg6 16. Bd2 Rfd8 17. Rfe1 Rac8 18. Rad1 Nb6 19. Bb3 Qh5 20. Re5 Qh7
21. Bg5 Bd6 22. Bxd8 Rxd8 23. Qf3 Bxe5 24. dxe5 Qh4 25. Rxd8+ Qxd8 26. Qe3 a5
27. a4 Nd7 28. f4 Qc7 29. h4 Kf8 30. Kf2 Ke8 31. Bc4 Nb6 32. Bb3 Nd5 33. Bxd5
cxd5 34. Qd4 Kd7 35. Ke3 b6 36. g3 Kc8 37. Kd3 Kb7 38. Ke3 Qd7 39. Qd3 Qxa4 40.
g4 Qb3 41. f5 gxf5 42. gxf5 Qxb2 43. f6 Qc1+ 44. Ke2 Qf4 45. fxg7 Qxe5+ 46. Qe3
Qxg7 47. h5 a4 48. h6 Qg6 49. Qc1 Qh5+ 50. Kd3 e5 51. c4 Qh3+ 52. Ke2 d4 53.
Qg5 a3 54. Qe7+ Kc6 55. Qxe5 d3+ 56. Kd1 a2 57. h7 Qh1+ 58. Kd2 a1=Q 59. h8=Q
Qhd1+ 60. Ke3 Qe2+ 0-1

[Event "OLNW 1920 SV Hellern - SF"]
[Site "Hannover"]
[Date "2019.11.24"]
[Round "3.3"]
[White "Kaimer, Thomas"]
[Black "Hoffmann, Alexander"]
[Result "1/2-1/2"]
[WhiteElo "2146"]
[BlackElo "2409"]
[PlyCount "129"]
[EventDate "2019.??.??"]
[EventType "team-tourn"]
[EventCountry "GER"]

1. e4 c5 2. Nf3 e6 3. d4 cxd4 4. Nxd4 Nc6 5. g3 a6 6. Bg2 Qc7 7. O-O d6 8. Nc3
Bd7 9. Re1 Be7 10. Nxc6 Bxc6 11. Ne2 b6 12. Nd4 Bb7 13. b3 Nf6 14. c4 O-O 15.
Bb2 Rfd8 16. Rc1 Rac8 17. Qe2 Qb8 18. Nc2 Re8 19. f3 b5 20. Ne3 bxc4 21. Rxc4
Rxc4 22. Nxc4 d5 23. Bxf6 gxf6 24. Ne3 Qa7 25. Kh1 d4 26. Nc4 a5 27. Rd1 Rd8
28. Qd2 a4 29. h4 axb3 30. axb3 d3 31. Kh2 Qd4 32. Bf1 f5 33. Bxd3 fxe4 34.
Bxe4 Qc5 35. Qe2 Rxd1 36. Qxd1 Qf2+ 37. Kh1 Bxe4 38. fxe4 Qxg3 39. Qg1 Qxg1+
40. Kxg1 Bxh4 41. b4 Kf8 42. b5 Bd8 43. Kg2 Ke7 44. e5 Kd7 45. Kf3 h5 46. Kg3
Bg5 47. Kf3 Be7 48. Kg3 Bd8 49. Kf3 f5 50. exf6 Bxf6 51. Kg3 Kc7 52. Kf4 Kd7
53. Kg3 Bg5 54. Kf3 Bh4 55. Kf4 Be1 56. Kg5 h4 57. Kg4 Bg3 58. Kf3 Ke7 59. Nd2
Be1 60. b6 Kd7 61. Ne4 Kc6 62. Kg4 Kxb6 63. Ng5 e5 64. Nf3 Bg3 65. Nxe5 1/2-1/2

[Event "OLNW 1920 SV Hellern - SF"]
[Site "Hannover"]
[Date "2019.11.24"]
[Round "3.5"]
[White "Edel, Thomas"]
[Black "Happe, Reinhold"]
[Result "0-1"]
[WhiteElo "2067"]
[BlackElo "2121"]
[PlyCount "78"]
[EventDate "2019.??.??"]
[EventType "team-tourn"]
[EventCountry "GER"]

1. d4 d5 2. Nf3 Nf6 3. g3 c5 4. Bg2 cxd4 5. O-O h6 6. b3 e6 7. Bb2 Be7 8. Nxd4
O-O 9. c4 dxc4 10. bxc4 Nbd7 11. Qc2 Nc5 12. Rd1 Bd7 13. Nc3 Qc8 14. Rac1 a6
15. e4 Ng4 16. Qe2 Ne5 17. f4 Nc6 18. Nxc6 Bxc6 19. Qg4 g6 20. h4 h5 21. Qe2
Qc7 22. Kh2 Rad8 23. Ba1 Rxd1 24. Rxd1 Rd8 25. Rf1 Rd3 26. Nd1 Qd8 27. Qb2 f6
28. Nf2 Rd2 29. Qb1 Nd3 30. Nxd3 Qxd3 31. Qxd3 Rxd3 32. Rf2 Bc5 33. Re2 Kf7 34.
Bb2 Ba4 35. e5 Bd1 36. Re1 Bf2 37. Rxd1 Rxd1 38. exf6 Bd4 39. Bxd4 Rxd4 0-1

[Event "OLNW 1920 SV Hellern - SF"]
[Site "Hannover"]
[Date "2019.11.24"]
[Round "3.6"]
[White "Lewin, Tammo"]
[Black "Herrmann, Andreas"]
[Result "1/2-1/2"]
[WhiteElo "2064"]
[BlackElo "2116"]
[PlyCount "116"]
[EventDate "2019.??.??"]
[EventType "team-tourn"]
[EventCountry "GER"]

1. d4 Nf6 2. c4 c5 3. d5 e5 4. Nc3 d6 5. e4 Be7 6. g3 a6 7. a4 O-O 8. Bg2 Ne8
9. Nge2 f5 10. f4 Bf6 11. O-O Nc7 12. Qb3 Qe7 13. exf5 exf4 14. Bxf4 Nd7 15.
Rae1 Ne5 16. Ne4 Bxf5 17. Nxf6+ Qxf6 18. Bxe5 Qxe5 19. Nf4 Qd4+ 20. Kh1 b5 21.
Ne6 bxc4 22. Nxd4 cxb3 23. Nxf5 Rf6 24. Re7 Ne8 25. Rb7 c4 26. Ne3 Rc8 27. Bh3
Rxf1+ 28. Nxf1 Rc7 29. Rxc7 Nxc7 30. Ne3 c3 31. bxc3 Kf7 32. Bf5 Kf6 33. Be4
Ke5 34. Bxh7 a5 35. h4 Na6 36. Nc4+ Kxd5 37. Nxa5 b2 38. Bg8+ Ke4 39. Bh7+ Kf3
40. Kh2 Nc5 41. Nc4 Nxa4 42. Nd2+ Ke3 43. Nb1 Nc5 44. Kg2 d5 45. h5 Nd7 46. g4
Nf6 47. Bf5 Kf4 48. Kh3 Nxh5 49. gxh5 Kxf5 50. Kh4 Ke4 51. Kg5 Kd3 52. Kf5 Kc2
53. Na3+ Kb3 54. Nb1 Kc2 55. Na3+ Kxc3 56. Ke5 d4 57. Ke4 Kb3 58. Nb1 Kc2
1/2-1/2

[Event "OLNW 1920 SV Hellern - SF"]
[Site "Hannover"]
[Date "2019.11.24"]
[Round "3.7"]
[White "Ploog, Martin"]
[Black "Andre, Wolfgang"]
[Result "0-1"]
[WhiteElo "2062"]
[BlackElo "2187"]
[PlyCount "106"]
[EventDate "2019.??.??"]
[EventType "team-tourn"]
[EventCountry "GER"]

1. e4 c5 2. Nf3 a6 3. c3 d5 4. exd5 Nf6 5. d4 cxd4 6. cxd4 Nxd5 7. Nc3 Nc6 8.
Bc4 Be6 9. Nxd5 Bxd5 10. Bxd5 Qxd5 11. O-O e6 12. b3 Be7 13. Bb2 Rd8 14. Qe2
O-O 15. Rfd1 Qh5 16. Qe4 Rd5 17. g4 Qg6 18. Qxg6 hxg6 19. Ne5 Rfd8 20. Nxc6
bxc6 21. Rac1 c5 22. Rc4 e5 23. Ra4 R8d6 24. Re1 cxd4 25. Ba3 Re6 26. Bxe7 Rxe7
27. Rxa6 e4 28. Ra8+ Kh7 29. h4 e3 30. fxe3 dxe3 31. Rc8 Rd4 32. Rc4 Rxc4 33.
bxc4 Re4 34. Kf1 Rxc4 35. Rxe3 Rxg4 36. Rh3 Kh6 37. a3 Kh5 38. Ke2 Ra4 39. Rb3
Rxh4 40. Rb7 f5 41. Rxg7 Ra4 42. Kf3 Kg5 43. Rb7 Rxa3+ 44. Kf2 Kg4 45. Rb2 f4
46. Rc2 g5 47. Rb2 Ra4 48. Kg2 f3+ 49. Kg1 Kg3 50. Rg2+ Kf4 51. Rb2 g4 52. Rb1
g3 53. Rc1 Re4 0-1

[Event "OLNW 1920 SV Hellern - SF"]
[Site "Hannover"]
[Date "2019.11.24"]
[Round "3.8"]
[White "Hart, Martin"]
[Black "Witthaus, Joerg"]
[Result "1/2-1/2"]
[WhiteElo "2052"]
[BlackElo "2027"]
[PlyCount "104"]
[EventDate "2019.??.??"]
[EventType "team-tourn"]
[EventCountry "GER"]

1. e4 e6 2. Qe2 c5 3. f4 Nc6 4. Nf3 d6 5. g3 g6 6. Bg2 Bg7 7. c3 Nge7 8. d3 d5
9. e5 Rb8 10. Be3 Qa5 11. Nbd2 b6 12. O-O O-O 13. a3 Nf5 14. Bf2 Bd7 15. b4 Qa4
16. Rfb1 Rfc8 17. g4 Nh6 18. h3 Bf8 19. Nf1 Nd8 20. Bh4 a5 21. Ne3 Bg7 22. Be7
Bf8 23. Bf6 Bg7 24. Qf2 Be8 25. Qh4 d4 26. cxd4 cxd4 27. Nxd4 Qd7 28. Ndc2 Kh8
29. Be4 Ng8 30. f5 Bxf6 31. exf6 exf5 32. gxf5 Qd6 33. fxg6 fxg6 34. Rf1 Rc7
35. Rf2 Bf7 36. Raf1 Rbc8 37. Rg2 Qf8 38. Bxg6 Qh6 39. Qxh6 Nxh6 40. Be4 Ne6
41. d4 Rg8 42. Rxg8+ Nxg8 43. Nd5 Rb7 44. h4 Rb8 45. Rb1 Rd8 46. bxa5 bxa5 47.
Rb5 Nf8 48. Nce3 Nd7 49. Ng4 Be6 50. Ne5 Ndxf6 51. Nxf6 Nxf6 52. d5 Bxd5
1/2-1/2

[Event "OLNW 1920 Delmenhorster SK - MTV"]
[Site "Tostedt"]
[Date "2019.11.24"]
[Round "3.1"]
[White "Bokros, Albert"]
[Black "Hoeffer, David"]
[Result "0-1"]
[WhiteElo "2471"]
[BlackElo "2323"]
[PlyCount "100"]
[EventDate "2019.??.??"]
[EventType "team-tourn"]
[EventCountry "GER"]

1. e4 e5 2. Nf3 d6 3. d4 exd4 4. Nxd4 Nf6 5. Nc3 Be7 6. g3 O-O 7. Bg2 Nc6 8.
Nde2 a5 9. O-O a4 10. h3 a3 11. b3 Re8 12. g4 Nb4 13. Ng3 Nd7 14. Nce2 Bf6 15.
c3 g6 16. Be3 Nc6 17. Qd2 Ra6 18. Rad1 b5 19. f4 Bg7 20. Bf2 Nf8 21. Qd3 b4 22.
e5 bxc3 23. Nxc3 Ne6 24. Nge2 dxe5 25. Qc4 Ncd4 26. fxe5 c5 27. Nxd4 cxd4 28.
Bxd4 Nxd4 29. Rxd4 Qe7 30. Kh1 Re6 31. Nd5 Qa7 32. Nc7 Bxe5 33. Nxe8 Ba6 34.
Rd8 Bxc4 35. bxc4 Qe3 36. g5 Qxg5 37. Nf6+ Kg7 38. Rg8+ Kh6 39. Ng4+ Kh5 40.
Rxf7 Re7 41. Rf1 Bc7 42. Rgf8 Kh4 43. Rd1 Qc5 44. Rc8 Qxc4 45. Nh2 Qf4 46. Nf3+
Kh5 47. Rg8 Re3 48. Rf1 Rxf3 49. Bxf3+ Kh6 50. Rf2 Qg3 0-1

[Event "OLNW 1920 Delmenhorster SK - MTV"]
[Site "Tostedt"]
[Date "2019.11.24"]
[Round "3.2"]
[White "Pahl, Erik"]
[Black "Varga, Zoltan"]
[Result "0-1"]
[WhiteElo "2034"]
[BlackElo "2424"]
[PlyCount "66"]
[EventDate "2019.??.??"]
[EventType "team-tourn"]
[EventCountry "GER"]

1. e4 Nf6 2. e5 Nd5 3. d4 d6 4. c4 Nb6 5. exd6 cxd6 6. Nc3 g6 7. Be3 Bg7 8. Rc1
O-O 9. b3 Bf5 10. Be2 d5 11. c5 Nc8 12. Bf3 Nc6 13. Bxd5 Nb4 14. Bc4 e5 15. d5
e4 16. g4 Bd7 17. a3 Nd3+ 18. Bxd3 exd3 19. h3 Qa5 20. Qxd3 Ne7 21. Nge2 Nxd5
22. Bd4 Bxd4 23. Qxd4 Nxc3 24. Qxc3 Qa6 25. a4 Rfe8 26. Rc2 Bc6 27. Rg1 b5 28.
cxb6 Rac8 29. Qc4 Qb7 30. Qf4 Bf3 31. Rb2 axb6 32. Rg3 Bxe2 33. Rxe2 Qh1+ 0-1

[Event "OLNW 1920 Delmenhorster SK - MTV"]
[Site "Tostedt"]
[Date "2019.11.24"]
[Round "3.3"]
[White "Szeberenyi, Adam"]
[Black "Pahl, Theis"]
[Result "1-0"]
[WhiteElo "2388"]
[BlackElo "2026"]
[PlyCount "73"]
[EventDate "2019.??.??"]
[EventType "team-tourn"]
[EventCountry "GER"]

1. d4 Nf6 2. c4 e6 3. Nf3 Bb4+ 4. Bd2 c5 5. Bxb4 cxb4 6. g3 b6 7. Bg2 Bb7 8. a3
bxa3 9. Nxa3 O-O 10. O-O d6 11. Qb3 Qe7 12. Rfd1 Nbd7 13. Nh4 Bxg2 14. Nxg2
Rfc8 15. Ne3 a6 16. Nac2 g6 17. Nb4 a5 18. Na2 Qd8 19. Nc3 Qc7 20. Qa3 Qb8 21.
Nb5 Ne8 22. b4 Ndf6 23. bxa5 Rxa5 24. Qb4 d5 25. cxd5 Rxa1 26. Rxa1 Nxd5 27.
Nxd5 exd5 28. Qe7 Ng7 29. Ra7 Rf8 30. Nd6 Qd8 31. Qe5 Ne8 32. Nb5 Nf6 33. Nc7
Nd7 34. Qxd5 Qb8 35. Nb5 Nf6 36. Qc6 Kg7 37. Rb7 1-0

[Event "OLNW 1920 Delmenhorster SK - MTV"]
[Site "Tostedt"]
[Date "2019.11.24"]
[Round "3.4"]
[White "Grebener, Soeren"]
[Black "Nedic, Dusan"]
[Result "0-1"]
[WhiteElo "2008"]
[BlackElo "2300"]
[PlyCount "86"]
[EventDate "2019.??.??"]
[EventType "team-tourn"]
[EventCountry "GER"]

1. e4 c5 2. Nf3 d6 3. d4 cxd4 4. Nxd4 Nf6 5. Nc3 a6 6. f4 Nc6 7. Nf3 e6 8. Bd3
Be7 9. O-O O-O 10. a4 b6 11. Qe1 Nd7 12. e5 Nc5 13. exd6 Qxd6 14. Bc4 Nd4 15.
Qf2 Nxf3+ 16. Qxf3 Bb7 17. Qf2 Bf6 18. Rd1 Qc6 19. Be3 Bxc3 20. Bxc5 Bxb2 21.
Rab1 Rfd8 22. Rxd8+ Rxd8 23. Be2 Qxa4 24. Bxb6 Rd2 25. Be3 Qxc2 26. Rxb2 Qxb2
27. Bxd2 Qxd2 28. Qb6 g6 29. Qxb7 Qxe2 30. Qc8+ Kg7 31. Qc3+ f6 32. Qc7+ Kh6
33. h3 e5 34. Qf7 Qe3+ 35. Kh1 Qxf4 36. Qf8+ Kg5 37. Qg7 h5 38. Qc7 Qd2 39. Qc4
a5 40. Qf7 Qc1+ 41. Kh2 Qf4+ 42. Kh1 e4 43. Qd5+ Qe5 0-1

[Event "OLNW 1920 Delmenhorster SK - MTV"]
[Site "Tostedt"]
[Date "2019.11.24"]
[Round "3.5"]
[White "Hoegy, Kevin"]
[Black "Sturm, Tobias"]
[Result "1-0"]
[WhiteElo "2242"]
[BlackElo "2024"]
[PlyCount "37"]
[EventDate "2019.??.??"]
[EventType "team-tourn"]
[EventCountry "GER"]

1. d4 Nf6 2. Nf3 g6 3. c4 Bg7 4. Nc3 O-O 5. Bg5 d6 6. e3 c5 7. d5 h6 8. Bh4 g5
9. Bg3 Nh5 10. Bd3 f5 11. Nd2 Nxg3 12. hxg3 e5 13. g4 e4 14. Bc2 f4 15. Ndxe4
fxe3 16. f3 Rf4 17. Qd3 Qf8 18. Nxg5 hxg5 19. Rh8+ 1-0

[Event "OLNW 1920 Delmenhorster SK - MTV"]
[Site "Tostedt"]
[Date "2019.11.24"]
[Round "3.6"]
[White "Vollmer, Andreas"]
[Black "Haerig, Wilfried"]
[Result "0-1"]
[WhiteElo "1765"]
[BlackElo "2159"]
[PlyCount "54"]
[EventDate "2019.??.??"]
[EventType "team-tourn"]
[EventCountry "GER"]

1. d4 Nf6 2. c4 c5 3. dxc5 e6 4. e3 Bxc5 5. Nf3 O-O 6. Be2 b6 7. O-O Bb7 8. b3
d5 9. Bb2 Qe7 10. Qe1 Ne4 11. Bd4 dxc4 12. Bxc4 Ng5 13. Nxg5 Qxg5 14. f3 Bxd4
15. exd4 Nc6 16. Qf2 Rfd8 17. Rd1 Qf6 18. Nc3 Nxd4 19. Rac1 Nxf3+ 20. gxf3
Rxd1+ 21. Rxd1 Qxc3 22. Rd3 Qc1+ 23. Kg2 b5 24. Qh4 g5 25. Qd4 bxc4 26. bxc4
Qf4 27. Rb3 Qxd4 0-1

[Event "OLNW 1920 Delmenhorster SK - MTV"]
[Site "Tostedt"]
[Date "2019.11.24"]
[Round "3.8"]
[White "Alhamid, Mohamad"]
[Black "Feist, Mathias"]
[Result "0-1"]
[WhiteElo "1691"]
[BlackElo "2086"]
[PlyCount "58"]
[EventDate "2019.??.??"]
[EventType "team-tourn"]
[EventCountry "GER"]

1. e4 c5 2. Nf3 Nc6 3. d4 cxd4 4. Nxd4 e5 5. Nb5 d6 6. N1c3 a6 7. Na3 b5 8. Nd5
Nge7 9. Be3 Rb8 10. Be2 Nxd5 11. exd5 Ne7 12. c4 b4 13. Nb1 Nf5 14. O-O Nxe3
15. fxe3 Qb6 16. Qd3 g6 17. Kh1 Bh6 18. e4 O-O 19. Nd2 Rb7 20. Rac1 f5 21. Bf3
Rbf7 22. Rce1 Qd4 23. Qxd4 exd4 24. Nb3 Be3 25. exf5 Bxf5 26. Nc1 Be4 27. Be2
Rf2 28. Rxf2 Rxf2 29. Bf3 Rxf3 0-1

[Event "OLNW 1920 SK Kirchweyhe - SK Nordhorn B"]
[Site "?"]
[Date "2019.11.24"]
[Round "3.1"]
[White "Kroeze, Frank"]
[Black "Kovacevic, Aleksandar"]
[Result "0-1"]
[WhiteElo "2402"]
[BlackElo "2476"]
[PlyCount "90"]
[EventDate "2019.??.??"]
[EventType "team-tourn"]

1. d4 Nf6 2. c4 e6 3. g3 c5 4. d5 d6 5. Nc3 exd5 6. cxd5 g6 7. Bg2 Bg7 8. Nf3
O-O 9. O-O Re8 10. Bf4 Bg4 11. h3 Bxf3 12. exf3 Nh5 13. Bd2 Na6 14. Rb1 Qd7 15.
Qb3 Rab8 16. Qb5 Qd8 17. Qc4 Nc7 18. a4 a6 19. a5 b5 20. axb6 Rxb6 21. b4 Nb5
22. Nxb5 axb5 23. Qc2 c4 24. g4 Nf6 25. f4 Ra6 26. Bc3 Ra3 27. Bd4 Rd3 28. Rfd1
Rxd1+ 29. Rxd1 Nd7 30. Bxg7 Kxg7 31. g5 Nb6 32. h4 Na4 33. f5 gxf5 34. Qxf5 Re5
35. Qc2 Qe7 36. Bf3 f6 37. gxf6+ Qxf6 38. Kg2 Nb2 39. Rd4 Nd3 40. Rg4+ Kh8 41.
Qa2 Re8 42. Be4 h5 43. Rg5 Nf4+ 44. Kh2 Rxe4 45. Qa8+ Kh7 0-1

[Event "OLNW 1920 SK Kirchweyhe - SK Nordhorn B"]
[Site "?"]
[Date "2019.11.24"]
[Round "3.2"]
[White "Ivic, Velimir"]
[Black "Ten Vergert, Paul"]
[Result "1-0"]
[WhiteElo "2531"]
[BlackElo "2220"]
[PlyCount "57"]
[EventDate "2019.??.??"]
[EventType "team-tourn"]

1. e4 c5 2. Nf3 Nc6 3. d4 cxd4 4. Nxd4 Nf6 5. Nc3 e5 6. Ndb5 d6 7. Nd5 Nxd5 8.
exd5 Nb8 9. a4 Be7 10. Be2 O-O 11. O-O f5 12. f4 a6 13. Na3 e4 14. Nc4 Nd7 15.
Be3 b6 16. Bd4 Rb8 17. Ne3 g6 18. g4 fxg4 19. Bxg4 Nf6 20. Bxc8 Qxc8 21. f5 g5
22. Kh1 h6 23. Qe2 Kh7 24. Rf2 b5 25. axb5 axb5 26. h4 Rg8 27. Rg1 g4 28. Nxg4
e3 29. Qxe3 1-0

[Event "OLNW 1920 SK Kirchweyhe - SK Nordhorn B"]
[Site "?"]
[Date "2019.11.24"]
[Round "3.3"]
[White "Lambrechts, Koen"]
[Black "Brkic, Ante"]
[Result "1/2-1/2"]
[WhiteElo "2310"]
[BlackElo "2587"]
[PlyCount "148"]
[EventDate "2019.??.??"]
[EventType "team-tourn"]

1. e4 e5 2. Nf3 Nc6 3. d4 exd4 4. Nxd4 Nf6 5. Nxc6 bxc6 6. e5 Qe7 7. Qe2 Nd5 8.
c4 Nb6 9. Nc3 Qe6 10. Qe4 g6 11. Be3 Bg7 12. f4 O-O 13. c5 d5 14. cxd6 cxd6 15.
Bxb6 axb6 16. Qxc6 Bd7 17. Qxd6 Qxd6 18. exd6 Rfe8+ 19. Kd2 Re6 20. Be2 Rxd6+
21. Kc1 Bd4 22. Rd1 Bf5 23. Bd3 Bxc3 24. Bxf5 Rxd1+ 25. Kxd1 Bxb2 26. Rb1 Rxa2
27. Be4 Bd4 28. f5 gxf5 29. Bf3 f4 30. Rc1 Be3 31. Rc2 Ra7 32. Rc8+ Kg7 33. Kc2
Rd7 34. Rb8 h6 35. Rb7 Rd6 36. Kc3 Bg1 37. h3 Bc5 38. Bh5 Rf6 39. Kc4 Rf5 40.
Bg4 Re5 41. Bf3 Kg6 42. Rd7 Re1 43. Rb7 Bf2 44. Kb3 h5 45. Kc4 Re5 46. Kb3 f6
47. Kc4 Kg5 48. Rd7 b5+ 49. Kc3 Be1+ 50. Kc2 b4 51. Rd3 Kh4 52. Rd6 Re3 53.
Rxf6 b3+ 54. Kb1 Kg3 55. Rg6+ Kh2 56. Bd1 Bg3 57. Bxh5 Kxg2 58. Rf6 Kxh3 59.
Kb2 Kg2 60. Rf5 Rd3 61. Bf7 Kg1 62. Bd5 Re3 63. Rf7 Be1 64. Rf5 Bd2 65. Bxb3 f3
66. Rg5+ Kf1 67. Bc4+ Ke1 68. Rg1+ Kf2 69. Rd1 Bc3+ 70. Kc2 Bb4 71. Rd3 Re2+
72. Kb3 Bc5 73. Rxf3+ Kxf3 74. Bxe2+ Kxe2 1/2-1/2

[Event "OLNW 1920 SK Kirchweyhe - SK Nordhorn B"]
[Site "?"]
[Date "2019.11.24"]
[Round "3.4"]
[White "Jovanovic, Zoran"]
[Black "Elgersma, Simon"]
[Result "1-0"]
[WhiteElo "2512"]
[BlackElo "2116"]
[PlyCount "55"]
[EventDate "2019.??.??"]
[EventType "team-tourn"]

1. e4 c6 2. Nc3 d5 3. d3 g6 4. g3 e5 5. Bg2 dxe4 6. Nxe4 Bg7 7. Nf3 h6 8. O-O
Ne7 9. Re1 O-O 10. Ned2 f6 11. d4 exd4 12. Nb3 Na6 13. Nbxd4 Nc7 14. c3 Kh7 15.
Qb3 a5 16. a4 Ned5 17. Bd2 Na6 18. Qc2 Qd6 19. Rad1 Bd7 20. Nh4 f5 21. Nb3 Qf6
22. Nxa5 Nc5 23. c4 Nb6 24. Bb4 Nbxa4 25. b3 b6 26. bxa4 Rxa5 27. Bxc5 Rxc5 28.
Rxd7 1-0